Born in Hanoi - Statistics

General Stats
  • This quiz has been taken 14 times
  • The average score is 3 of 6
Answer Stats
Hint Answer % Correct
Vietnam's first billionaire and founder of Vingroup 1968 Pham Nhat Vuong
86%
Mathematician and first Vietnamese to have received the Fields Medal 1972 Ngo Bao Chau
64%
Sport shooter and first Vietnamese to win an Olympic gold medal 1974 Hoang Xuan Vinh
57%
De facto first lady of South Vietnam from 1955 to 1963 who went to live in exile after her husband and brother-in-law were assassinated 1924 Tran Le Xuan
43%
Pioneer of computer graphics and inventor of a widely used reflection model 1942 Bui Tuong Phong
29%
Last Prime Minister of South Vietnam 1914 Vu Van Mau
29%
No matching quizzes found
Score Distribution
Percent of People with Each Score
Percentile by Number Answered
Your Score History
You have not taken this quiz